Statistiche per Paesi ispanofoni

Clicka qui per fare il quiz!

Statistiche generali

  • Questo quiz è stato fatto 5.156 volte
  • Il punteggio medio è 18 su 22

Statistiche sulle risposte

Paese% Corretto
Spagna
98%
Argentina
96%
Cile
92%
Messico
92%
Colombia
91%
Venezuela
90%
Uruguay
88%
Paraguay
87%
Perù
87%
Cuba
86%
Bolivia
85%
Ecuador
84%
Panama
81%
Costa Rica
75%
El Salvador
74%
Guatemala
74%
Honduras
74%
Nicaragua
74%
Andorra
69%
Repubblica Dominicana
69%
Belize
65%
Guinea Equatoriale
28%

Distribuzione punteggi

Percentile per numero di risposta

Percentuale di utenti per punteggio

I tuoi punteggi nel tempo

Non hai fatto questo quiz